• 首页
  • 本馆介绍
  • 公告通知
  • 最新文献
  • 馆藏检索
  • 电子资源
  • 读者导购
  • 参考咨询
  • 我的图书馆
  • 登录
  • 详细信息显示
  • 放入我的书架
  • 预约/预借图书
  • 作者相关作品
  • 分类相关作品
  • 丛书相关作品
  • 出版社相关作品

书目信息

  • 表格格式
  • 工作单格式
  • 卡片格式
题名:
爆炸合成纳米金刚石和岩石安全破碎关键科学与技术
    
 
作者: ;汪旭光 主编 ;中国工程科技论坛
分册:  
出版信息: 北京   冶金工业出版社  2018重印
页数: 488页
开本: 27cm
丛书名:
单 册:
中图分类: TQ164.8-532 , TU45-532
科图分类:
主题词: 金刚石--jin gang shi--人工合成--会议录 , 岩石切削--yan shi qie xiao--机理--会议录
电子资源:
ISBN: 978-7-5024-6703-6
000 01299nam0 2200301 45
001 012001001111
005 20140107135131.0
010    @a978-7-5024-6703-6@b精装@dCNY180.00
099    @aCAL 012014152614
100    @a20141127d2014 em y0chiy50 ea
101 0  @achi
102    @aCN@b110000
105    @aak a 100yy
106    @ar
200 1  @a爆炸合成纳米金刚石和岩石安全破碎关键科学与技术@Abao zha he cheng na mi jin gang shi he yan shi an quan po sui guan jian ke xue yu ji shu@f汪旭光主编
210    @a北京@c冶金工业出版社@d2018重印
215    @a488页@c图@d27cm
300    @a第188场中国工程科技论坛论文集
320    @a有书目
330    @a本书为中国工程科技论坛论文集, 收录了近几年来国内爆破领域的学术论文69篇, 分为爆破理论研究、爆炸合成新材料、爆炸复合新技术、岩石破碎关键技术、爆破安全与爆破器材五个部分, 总体上反映了我国在爆炸合成纳米金刚石和岩石安全破碎关键科学与技术方面取得的研究成果。
606 0  @a金刚石@Ajin gang shi@x人工合成@j会议录
606 0  @a岩石切削@Ayan shi qie xiao@x机理@j会议录
690    @aTQ164.8-532@v5
690    @aTU45-532@v5
702  0 @a汪旭光@Awang xu guang@4主编
711 12 @a中国工程科技论坛@Azhong guo gong cheng ke ji lun tan@d(第188场 :@f2014 :@e合肥市, 安徽省)
801  0 @aCN@b北京卓展@c20191020
905    @b1201452-4@dTQ164.8-532@e5@f3
    
    爆炸合成纳米金刚石和岩石安全破碎关键科学与技术/汪旭光主编.-北京:冶金工业出版社,2018重印
    488页:图;27cm
    第188场中国工程科技论坛论文集
    
    ISBN 978-7-5024-6703-6(精装):CNY180.00
    本书为中国工程科技论坛论文集, 收录了近几年来国内爆破领域的学术论文69篇, 分为爆破理论研究、爆炸合成新材料、爆炸复合新技术、岩石破碎关键技术、爆破安全与爆破器材五个部分, 总体上反映了我国在爆炸合成纳米金刚石和岩石安全破碎关键科学与技术方面取得的研究成果。
●
相关链接 在E读中查询图书 在五车中查询图书 在当当中查询图书 在豆瓣中查询图书


正题名:爆炸合成纳米金刚石和岩石安全破碎关键科学与技术     索取号:TQ164.8-532/5         预约/预借

序号 登录号 条形码 馆藏地/架位号 状态 备注
1 1201452   212014522   第二样本阅览室/ [索取号:TQ164.8-532/5] 在馆    
2 1201453   212014531   第三借阅区/ [索取号:TQ164.8-532/5] 在馆    
3 1201454   212014540   第三借阅区/ [索取号:TQ164.8-532/5] 在馆    
唐山师范学院图书馆 欢迎您!
大连网信软件有限公司© 版权所有